[Event "Heusenstamm Schloss op"]
[Site "Heusenstamm"]
[Date "2023.11.25"]
[Round "5"]
[White "Klein, Levent"]
[Black "Klein, Deniz"]
[Result "1-0"]
[WhiteElo "1607"]
[BlackElo "1565"]
[PlyCount "101"]
[EventDate "2023.11.23"]
[EventType "swiss"]
[EventRounds "7"]
[EventCountry "GER"]
[SourceTitle "CB50_2023"]
[SourceDate "2023.12.13"]
[SourceVersion "1"]
[SourceVersionDate "2023.12.13"]
[SourceQuality "1"]

1. d4 Nf6 2. c4 e6 3. Nf3 d5 4. Nc3 Be7 5. Bg5 0-0 6. e3 b6 7. cxd5 exd5 8. Bd3 Bb7 9. Qc2 Nbd7 10. 0-0 h6 11. Bf4 c5 12. Rac1 Rc8 13. Qe2 Ne4 14. Ba6 Nxc3 15. bxc3 Bxa6 16. Qxa6 Ra8 17. Rfd1 Nf6 18. dxc5 bxc5 19. c4 Qb6 20. Qxb6 axb6 21. cxd5 Rxa2 22. d6 Bd8 23. Ne5 Nh5 24. Bg3 Nxg3 25. hxg3 Ra7 26. Nc6 Rd7 27. Rb1 f6 28. e4 Re8 29. Nb8 Rb7 30. Nc6 Rd7 31. f3 Kf7 32. Nxd8+ Rexd8 33. Rxb6 Ke6 34. Rc6 Rxd6 35. Rdxd6+ Rxd6 36. Rxc5 Rd2 37. Rc7 Rd7 38. Rxd7 Kxd7 39. Kf2 Kd6 40. Ke3 g5 41. Kd4 Ke6 42. f4 h5 43. fxg5 fxg5 44. e5 h4 45. g4 Ke7 46. Kd5 Kd7 47. e6+ Ke7 48. Ke5 Ke8 49. Kf6 Kf8 50. Kxg5 Ke7 51. Kf5 1-0

[Event "GER-chT U12"]
[Site "Muenchen"]
[Date "2022.12.29"]
[Round "6"]
[White "Shen, Tingrui"]
[Black "Klein, Levent"]
[Result "1/2-1/2"]
[WhiteElo "1643"]
[BlackElo "1584"]
[PlyCount "72"]
[EventDate "2022.12.26"]
[EventType "team-swiss"]
[EventRounds "7"]
[EventCountry "GER"]
[SourceTitle "CBM 212 Extra"]
[Source "ChessBase"]
[SourceDate "2023.03.31"]
[SourceVersion "1"]
[SourceVersionDate "2023.03.31"]
[SourceQuality "1"]
[WhiteTeam "Tegernsee"]
[BlackTeam "Kaiserslautern"]
[WhiteTeamCountry "GER"]
[BlackTeamCountry "GER"]

1. e4 e6 2. d4 d5 3. e5 c5 4. c3 Nc6 5. Nf3 Qb6 6. a3 a5 7. Bd3 Bd7 8. Bc2 Nge7 9. 0-0 cxd4 10. cxd4 Nf5 11. Bxf5 exf5 12. Nc3 Be6 13. Qd3 Be7 14. Rd1 0-0 15. Bg5 Bxg5 16. Nxg5 Qd8 17. Nxe6 fxe6 18. Rac1 b6 19. Nb5 Qd7 20. Nd6 Na7 21. Qc2 Nc8 22. Qc6 Qxc6 23. Rxc6 Nxd6 24. Rxd6 Rfe8 25. Rxb6 Rab8 26. Rxb8 Rxb8 27. Rd2 Kf7 28. Rc2 Rb7 29. Kf1 g5 30. Ke2 f4 31. f3 Kg6 32. h3 h5 33. Kf2 Kf5 34. Ke2 g4 35. h4 Rb3 36. Rd2 Re3+ 1/2-1/2

[Event "Heusenstamm Schloss op"]
[Site "Heusenstamm"]
[Date "2022.11.19"]
[Round "4"]
[White "Klein, Levent"]
[Black "Francke, Helmut"]
[Result "1/2-1/2"]
[WhiteElo "1486"]
[BlackElo "1892"]
[PlyCount "43"]
[EventDate "2022.11.17"]
[EventType "swiss"]
[EventRounds "7"]
[EventCountry "GER"]
[SourceTitle "CBM 212 Extra"]
[Source "ChessBase"]
[SourceDate "2023.03.31"]
[SourceVersion "1"]
[SourceVersionDate "2023.03.31"]
[SourceQuality "1"]

1. d4 Nf6 2. c4 e6 3. Nc3 Bb4 4. Bg5 h6 5. Bh4 c5 6. d5 exd5 7. cxd5 g5 8. Bg3 Ne4 9. Qc2 Nxg3 10. hxg3 Qf6 11. e4 d6 12. a3 Bxc3+ 13. Qxc3 Qxc3+ 14. bxc3 Bd7 15. a4 Kd8 16. Bd3 Na6 17. Nf3 f6 18. Kd2 Nc7 19. Rhb1 b6 20. Ne1 Ke7 21. Nc2 h5 22. Ne3 1/2-1/2

[Event "GER-chT School WK GS"]
[Site "Playchess.com INT"]
[Date "2020.06.18"]
[Round "6.2"]
[White "Klein, Levent"]
[Black "Kutz, Paul Matti"]
[Result "0-1"]
[WhiteElo "1656"]
[BlackElo "1863"]
[PlyCount "114"]
[EventDate "2020.06.11"]
[EventType "team-swiss (blitz)"]
[EventRounds "7"]
[EventCountry "GER"]
[SourceTitle "EXT 2021"]
[Source "ChessBase"]
[SourceDate "2020.10.23"]
[SourceVersion "1"]
[SourceVersionDate "2020.10.23"]
[SourceQuality "1"]
[WhiteTeam "Pestalozzi RP"]
[BlackTeam "Lauerholz SHO"]
[WhiteTeamCountry "GER"]
[BlackTeamCountry "GER"]

1. d4 Nf6 2. c4 b5 3. c5 Nc6 4. Bf4 Bb7 5. Nf3 a6 6. e3 g6 7. a3 Bg7 8. Nc3 0-0 9. Bd3 e6 10. 0-0 Re8 11. Qe2 Rb8 12. b4 Nh5 13. Bg5 f6 14. Bh4 g5 15. Bg3 Nxg3 16. fxg3 f5 17. h3 d6 18. Rad1 g4 19. Nh4 Nxd4 20. exd4 Bxd4+ 21. Kh2 Bxc3 22. hxg4 Be5 23. Kh3 Bg7 24. gxf5 exf5 25. Qa2+ Kh8 26. Bxf5 Qe7 27. Rfe1 Qxe1 28. Rxe1 Rxe1 29. Qc2 h5 30. Ng6+ Kg8 31. Qa2+ d5 32. Kh4 Rh1+ 33. Kg5 Rf8 34. Nxf8 Bxf8 35. Bh3 Be7+ 36. Kxh5 Kh7 37. Qc2+ Kg7 38. Qg6+ Kf8 39. Qf5+ Kg7 40. Kg4 d4 41. Qd3 Bc8+ 42. Kf4 Bb7 43. Qxd4+ Kf7 44. Qd3 Re1 45. Qf5+ Bf6 46. Qd7+ Re7 47. Qd3 Be5+ 48. Kg5 Bf6+ 49. Kh6 Bg7+ 50. Kh5 Re5+ 51. Kg4 Bc8+ 52. Kf3 Bb7+ 53. Kf2 Bc6 54. Qd2 Bf6 55. Qa2+ Bd5 56. Qb1 Rh5 57. Bg4 Bd4+ 0-1

[Event "GER-chT School WK GS"]
[Site "Playchess.com INT"]
[Date "2020.06.11"]
[Round "3.2"]
[White "Sosnicki, Adrian"]
[Black "Klein, Levent"]
[Result "0-1"]
[WhiteElo "1339"]
[BlackElo "1656"]
[PlyCount "80"]
[EventDate "2020.06.11"]
[EventType "team-swiss (blitz)"]
[EventRounds "7"]
[EventCountry "GER"]
[SourceTitle "EXT 2021"]
[Source "ChessBase"]
[SourceDate "2020.10.23"]
[SourceVersion "1"]
[SourceVersionDate "2020.10.23"]
[SourceQuality "1"]
[WhiteTeam "Auwald Sachs"]
[BlackTeam "Pestalozzi RP"]
[WhiteTeamCountry "GER"]
[BlackTeamCountry "GER"]

1. e4 e6 2. Nf3 d5 3. exd5 exd5 4. d3 Nf6 5. Bf4 Nc6 6. g3 Bg4 7. Be2 Bd6 8. 0-0 Bxf4 9. gxf4 0-0 10. Kh1 Re8 11. Rg1 Qd6 12. Nc3 a6 13. Qd2 d4 14. Nxd4 Nxd4 15. Bxg4 Nxg4 16. Rxg4 Qc6+ 17. Rg2 b5 18. a3 a5 19. Ne4 f5 20. Ng3 Nf3 21. Qc3 Qxc3 22. bxc3 Rf8 23. Nh5 g6 24. Rb1 c6 25. c4 b4 26. axb4 axb4 27. Rg3 Nd4 28. Rxb4 Kh8 29. Rb7 gxh5 30. Rgg7 Ra1+ 31. Kg2 Rg8 32. Rxg8+ Kxg8 33. Rb8+ Kf7 34. Rb7+ Ke6 35. Rb6 Ra2 36. Ra6 Rxa6 37. f3 Ra2 38. Kg3 Rxc2 39. c5 Rxc5 40. h3 Rc3 0-1